[Event "AUT-chT (Women) 2324"]
[Site "Austria"]
[Date "2024.03.24"]
[Round "6.3"]
[White "Manko, Mariya"]
[Black "Kushka, Alena"]
[Result "1-0"]
[WhiteElo "2209"]
[BlackElo "2146"]
[PlyCount "107"]
[EventDate "2023.11.24"]
[EventType "team-tourn"]
[EventRounds "9"]
[EventCountry "AUT"]
[SourceTitle "CBM 219 Extra"]
[Source "ChessBase"]
[SourceDate "2024.05.31"]
[SourceVersion "1"]
[SourceVersionDate "2024.05.31"]
[SourceQuality "1"]
[WhiteTeam "Dornbirn (W)"]
[BlackTeam "St Veit/Glan (W)"]
[WhiteTeamCountry "AUT"]
[BlackTeamCountry "AUT"]

1. d4 Nf6 2. c4 c5 3. d5 g6 4. Nc3 Bg7 5. g3 d6 6. Bg2 0-0 7. Nf3 e6 8. 0-0 exd5 9. cxd5 Re8 10. Bf4 h6 11. Qc1 g5 12. Be3 Bf5 13. h4 g4 14. Nd2 Rxe3 15. fxe3 Bg6 16. Nc4 Qe7 17. Nb5 Ne8 18. a4 Nd7 19. e4 a6 20. Nc3 Ne5 21. Ne3 Nf6 22. Nf5 Bxf5 23. Rxf5 Ng6 24. h5 Nf8 25. Qf4 N8d7 26. Rf1 Rf8 27. Nd1 b5 28. Ne3 Kh8 29. b3 Kh7 30. Kh2 Rg8 31. Kh1 Rf8 32. axb5 axb5 33. Rxf6 Nxf6 34. Nf5 Qe5 35. Qxe5 dxe5 36. Ra1 Rb8 37. Ra7 Kg8 38. Ne7+ Kf8 39. Nc6 Rc8 40. d6 c4 41. bxc4 bxc4 42. Rc7 Ra8 43. d7 Nxd7 44. Rxd7 Ra1+ 45. Bf1 Bf6 46. Kg2 c3 47. Nb4 Bg5 48. Rc7 Bd2 49. e3 Rb1 50. Nd3 f6 51. Be2 Bxe3 52. Rxc3 Bd4 53. Rc2 Rb3 54. Nf2 1-0

[Event "Mitropa Cup (Women)"]
[Site "Apolda"]
[Date "2024.02.21"]
[Round "7.15"]
[White "Mayrhuber, Nikola"]
[Black "Manko, Mariya"]
[Result "0-1"]
[WhiteElo "1980"]
[BlackElo "2167"]
[PlyCount "100"]
[EventDate "2024.02.15"]
[EventType "team-tourn"]
[EventRounds "9"]
[EventCountry "GER"]
[SourceTitle "CBM 218 Extra"]
[Source "ChessBase"]
[SourceDate "2024.03.31"]
[SourceVersion "1"]
[SourceVersionDate "2024.03.31"]
[SourceQuality "1"]
[WhiteTeam "Austria (W)"]
[BlackTeam "Switzerland (W)"]
[WhiteTeamCountry "AUT"]
[BlackTeamCountry "SUI"]

1. d4 Nf6 2. c4 e6 3. Nf3 d5 4. e3 c5 5. cxd5 Nxd5 6. e4 Nf6 7. Nc3 cxd4 8. Nxd4 Bc5 9. Be3 0-0 10. Be2 e5 11. Nc2 Bxe3 12. Nxe3 Nc6 13. Qxd8 Rxd8 14. Rd1 Be6 15. 0-0 Nd4 16. Bc4 b5 17. Bxb5 Nxe4 18. Nxe4 Nxb5 19. b3 f6 20. Nc5 Bf7 21. Nb7 Rxd1 22. Rxd1 Nc3 23. Rd2 Bg6 24. Nd5 Nxd5 25. Rxd5 Rc8 26. Rd8+ Rxd8 27. Nxd8 Be4 28. Ne6 Kf7 29. Nc5 Bb1 30. a3 Ke7 31. f3 f5 32. b4 Kd6 33. Kf2 Kd5 34. g3 Kd4 35. Ne6+ Kc3 36. Nxg7 Kb3 37. g4 fxg4 38. fxg4 Kxa3 39. b5 Kb4 40. Nf5 Kxb5 41. Nd6+ Kc5 42. Nb7+ Kb4 43. Ke3 a5 44. Kd2 a4 45. Kc1 e4 46. Nd8 e3 47. Ne6 e2 48. Kd2 a3 49. Nf4 a2 50. Nd5+ Kc5 0-1

[Event "Mitropa Cup (Women)"]
[Site "Apolda"]
[Date "2024.02.20"]
[Round "6.8"]
[White "Cassi, Elisa"]
[Black "Manko, Mariya"]
[Result "0-1"]
[WhiteElo "2033"]
[BlackElo "2167"]
[PlyCount "66"]
[EventDate "2024.02.15"]
[EventType "team-tourn"]
[EventRounds "9"]
[EventCountry "GER"]
[SourceTitle "CBM 218 Extra"]
[Source "ChessBase"]
[SourceDate "2024.03.31"]
[SourceVersion "1"]
[SourceVersionDate "2024.03.31"]
[SourceQuality "1"]
[WhiteTeam "Italy (W)"]
[BlackTeam "Switzerland (W)"]
[WhiteTeamCountry "ITA"]
[BlackTeamCountry "SUI"]

1. e4 c5 2. Nf3 Nc6 3. Bb5 g6 4. 0-0 Bg7 5. c3 Nf6 6. Re1 0-0 7. d4 d5 8. e5 Ne4 9. Bxc6 bxc6 10. Be3 c4 11. Nbd2 Nxd2 12. Nxd2 Bf5 13. b3 Qa5 14. Qc1 Bd3 15. Bg5 f6 16. exf6 exf6 17. Bf4 Rfe8 18. Qb2 Bf8 19. bxc4 dxc4 20. Qb7 Qxc3 21. Qxc6 Qxd4 22. Nf3 Qc5 23. Qxf6 Bg7 24. Qh4 Bxa1 25. Rxa1 Re2 26. Be3 Rxe3 27. fxe3 c3 28. Qd4 Qxd4 29. Nxd4 c2 30. Nb3 a5 31. Nc5 Rb8 32. Rc1 Be4 33. Nb3 a4 0-1

[Event "Mitropa Cup (Women)"]
[Site "Apolda"]
[Date "2024.02.17"]
[Round "3.4"]
[White "Manko, Mariya"]
[Black "Schulze, Lara"]
[Result "1/2-1/2"]
[WhiteElo "2167"]
[BlackElo "2308"]
[PlyCount "69"]
[EventDate "2024.02.15"]
[EventType "team-tourn"]
[EventRounds "9"]
[EventCountry "GER"]
[SourceTitle "CBM 218 Extra"]
[Source "ChessBase"]
[SourceDate "2024.03.31"]
[SourceVersion "1"]
[SourceVersionDate "2024.03.31"]
[SourceQuality "1"]
[WhiteTeam "Switzerland (W)"]
[BlackTeam "Germany (W)"]
[WhiteTeamCountry "SUI"]
[BlackTeamCountry "GER"]

1. d4 Nf6 2. c4 e6 3. g3 d5 4. Bg2 Bb4+ 5. Bd2 a5 6. Nf3 0-0 7. Qc2 c5 8. cxd5 cxd4 9. Nxd4 Qb6 10. Nf3 exd5 11. 0-0 Nc6 12. Bxb4 axb4 13. Nbd2 Bg4 14. a3 Rfe8 15. Nb3 bxa3 16. bxa3 Rac8 17. Qd3 Bxf3 18. Bxf3 Ne5 19. Qd1 Nxf3+ 20. exf3 Rc3 21. Nd4 Qa6 22. Re1 Rxe1+ 23. Qxe1 Rxa3 24. Rxa3 Qxa3 25. Qe5 h6 26. Kg2 Qa4 27. Nf5 Qe8 28. Qc7 Qd7 29. Qb8+ Kh7 30. g4 d4 31. Qf8 Ne8 32. Ne7 Nf6 33. Nf5 Ne8 34. Ne7 Nf6 35. Nf5 1/2-1/2

[Event "Mitropa Cup (Women)"]
[Site "Apolda"]
[Date "2024.02.16"]
[Round "2.16"]
[White "Blanquet, Camille"]
[Black "Manko, Mariya"]
[Result "0-1"]
[WhiteElo "2014"]
[BlackElo "2167"]
[PlyCount "68"]
[EventDate "2024.02.15"]
[EventType "team-tourn"]
[EventRounds "9"]
[EventCountry "GER"]
[SourceTitle "CBM 218 Extra"]
[Source "ChessBase"]
[SourceDate "2024.03.31"]
[SourceVersion "1"]
[SourceVersionDate "2024.03.31"]
[SourceQuality "1"]
[WhiteTeam "France (W)"]
[BlackTeam "Switzerland (W)"]
[WhiteTeamCountry "FRA"]
[BlackTeamCountry "SUI"]

1. d4 d5 2. c4 e6 3. Nf3 Nf6 4. Nc3 Be7 5. g3 0-0 6. Bg2 dxc4 7. Ne5 c5 8. dxc5 Qa5 9. Nxc4 Qxc5 10. Qb3 Nc6 11. Be3 Nd4 12. Bxd4 Qxd4 13. 0-0 Rb8 14. Rac1 Bd7 15. Rfd1 Qc5 16. e4 b5 17. Ne3 Qh5 18. h3 b4 19. Nb1 Bb5 20. Nc4 Rfd8 21. Rxd8+ Rxd8 22. Nbd2 a5 23. e5 a4 24. Qe3 Nd5 25. Qa7 Bg5 26. f4 Bxf4 27. gxf4 Nxf4 28. Kh2 Bxc4 29. Nxc4 Nxg2 30. Qc7 Rf8 31. Rg1 Nf4 32. Rg3 Qe2+ 33. Kg1 Qe1+ 34. Kh2 Qf2+ 0-1

[Event "Krakow op-A 34th"]
[Site "Krakow"]
[Date "2024.01.04"]
[Round "9"]
[White "Manko, Mariya"]
[Black "Hryharovich, Aliaksei"]
[Result "0-1"]
[WhiteElo "2128"]
[BlackElo "2195"]
[PlyCount "108"]
[EventDate "2023.12.27"]
[EventType "swiss"]
[EventRounds "9"]
[EventCountry "POL"]
[SourceTitle "CBM 218 Extra"]
[Source "ChessBase"]
[SourceDate "2024.03.31"]
[SourceVersion "1"]
[SourceVersionDate "2024.03.31"]
[SourceQuality "1"]

1. d4 d5 2. c4 e6 3. Nf3 Nf6 4. g3 dxc4 5. Bg2 c5 6. 0-0 Nc6 7. Qa4 Bd7 8. Qxc4 b5 9. Qc3 c4 10. b3 cxb3 11. axb3 Rc8 12. Qb2 Bb4 13. Bd2 a5 14. Bxb4 Nxb4 15. Nc3 Bc6 16. Rfd1 Qb6 17. Ne5 Bxg2 18. Kxg2 0-0 19. Rac1 Rfd8 20. e4 h6 21. Qe2 Rb8 22. Qe3 Ra8 23. h4 Nd7 24. Nd3 Nxd3 25. Qxd3 Rab8 26. Qf3 Rbc8 27. e5 b4 28. Na4 Qb5 29. Rxc8 Rxc8 30. d5 Re8 31. dxe6 fxe6 32. Rd6 Rf8 33. Qg4 Rf5 34. Qg6 Nf8 35. Rd8 Qxe5 36. Qg4 Rxf2+ 37. Kxf2 Qf6+ 38. Kg2 Qxd8 39. Qc4 Qd5+ 40. Qxd5 exd5 41. Nb6 Ne6 42. Nxd5 Nd4 43. Kf2 Nxb3 44. Ke3 Kf7 45. g4 Ke6 46. Nf4+ Ke5 47. g5 hxg5 48. hxg5 Nc5 49. Nh5 a4 50. Kd2 a3 51. Kc2 b3+ 52. Kb1 a2+ 53. Ka1 Nd3 54. g6 Ne1 0-1

[Event "Krakow op-A 34th"]
[Site "Krakow"]
[Date "2024.01.03"]
[Round "8"]
[White "Yezhel, Valiantsin"]
[Black "Manko, Mariya"]
[Result "1/2-1/2"]
[WhiteElo "2311"]
[BlackElo "2128"]
[PlyCount "150"]
[EventDate "2023.12.27"]
[EventType "swiss"]
[EventRounds "9"]
[EventCountry "POL"]
[SourceTitle "CBM 218 Extra"]
[Source "ChessBase"]
[SourceDate "2024.03.31"]
[SourceVersion "1"]
[SourceVersionDate "2024.03.31"]
[SourceQuality "1"]

1. d4 d5 2. Bf4 c5 3. e3 Nc6 4. Nf3 Nf6 5. Nbd2 Bf5 6. dxc5 Nh5 7. Bg5 h6 8. Bh4 g5 9. Nd4 Bg6 10. Be2 Nxd4 11. exd4 Nf6 12. Bg3 Nd7 13. c3 Bg7 14. Qb3 f5 15. Bd3 Kf7 16. f4 Nf6 17. fxg5 hxg5 18. Nf3 Nh5 19. Ne5+ Bxe5 20. Bxe5 Qd7 21. Bxh8 Rxh8 22. 0-0-0 Nf6 23. h3 Qc7 24. Rhf1 e6 25. c4 f4 26. cxd5 Nxd5 27. Rde1 Bxd3 28. Qxd3 b6 29. Qe4 Re8 30. Qc2 Kg7 31. cxb6 Qxb6 32. Qc5 Qa6 33. Kb1 Rh8 34. Rc1 Rb8 35. Rfe1 Rb6 36. Re5 Qd3+ 37. Ka1 Qd2 38. Qc2 Qxd4 39. Rxg5+ Kf8 40. Rh5 Ke7 41. Rh7+ Kf6 42. Rf7+ Kxf7 43. Qh7+ Qg7 44. Qh5+ Ke7 45. Rc2 Qd4 46. a3 Qd3 47. Qg5+ Kf7 48. Qh5+ Qg6 49. Qe2 Rb7 50. Rc8 Rc7 51. Rxc7+ Nxc7 52. Qf2 Qe4 53. Qxa7 Qe1+ 54. Ka2 Qe5 55. a4 Kf6 56. a5 Qd5+ 57. Kb1 Qd1+ 58. Ka2 Qa4+ 59. Kb1 Nd5 60. Qc5 Qe4+ 61. Ka2 Qxg2 62. a6 Qe4 63. a7 Qa4+ 64. Kb1 Ne7 65. b4 f3 66. Qc3+ Kg6 67. Qc2+ Qxc2+ 68. Kxc2 f2 69. a8Q f1Q 70. Qe8+ Qf7 71. Qxf7+ Kxf7 72. Kd3 e5 73. Kc4 Ke6 74. h4 Kf5 75. h5 e4 1/2-1/2